书目信息 |
| 题名: |
青年科学家
|
|
| 作者: | ;《青年科学家》编委会 编 | |
| 分册: | 2 | |
| 出版信息: | 北京 中国青年出版社 1980 |
|
| 页数: | 144页 | |
| 开本: | 26cm | |
| 丛书名: | ||
| 单 册: | ||
| 中图分类: | N55 | |
| 科图分类: | ||
| 主题词: | 自然科学--连续出版物 , 自然科学--斯刊 | |
| 电子资源: | ||
| ISBN: | ||
| 000 | 00606nam0 2200193 45 | |
| 001 | 0312221749 | |
| 005 | 20061119083634.12 | |
| 010 | @dCNY0.80 | |
| 100 | @a20031222d1980 km y0chiy0120 ea | |
| 101 | @achi | |
| 200 | 1 | @a青年科学家@Aqing nian ke xue jia@h2@f《青年科学家》编委会编@F《qing nian ke xue jia》bian wei hui bian |
| 210 | @a北京@c中国青年出版社@d1980 | |
| 215 | @a144页@d26cm | |
| 606 | 0 | @a自然科学@x连续出版物 |
| 606 | 0 | @a自然科学@x斯刊 |
| 690 | @aN55@v4 | |
| 711 | 0 | @a《青年科学家》编委会@A《qing nian ke xue jia》bian wei hui@4编 |
| 801 | @aCN@bTSTCL@c20061119 | |
| 905 | @a213230@dN55@e2/80 | |
| 青年科学家.2/《青年科学家》编委会编.-北京:中国青年出版社,1980 |
| 144页;26cm |
| ISBN :CNY0.80 |
| ● |
| 相关链接 |
|
|
|
|
正题名:青年科学家
索取号:N55/2/80
 
预约/预借
| 序号 | 登录号 | 条形码 | 馆藏地/架位号 | 状态 | 备注 |
| 1 | 0074108 | 001232320 | 第二样本阅览室/ [索取号:N55/2/80] | 在馆 | |
| 2 | 0074110 | 001232302 | 密集书库/ [索取号:N55/2/80] | 在馆 |